Japonsko - konjunkturní monotematická studie

Všeobecná konjunktúra a hospodárska charakteristika Japonska. Vývoj hlavných ukazovateľov japonskej ekonomiky. Energetický priemysel, priemyselná výroba, stavebníctvo, automobilový priemysel, obrábacie strojke, elektronika, chemický priemysel, textilný priemysel, papierenský a drevársky priemysel, p...

Descripción completa

Guardado en:
Detalles Bibliográficos
Formato: Capítulo de libro
Lenguaje:checo
Materias:
Etiquetas: Agregar Etiqueta
Sin Etiquetas, Sea el primero en etiquetar este registro!

MARC

LEADER 00000naa a2200000 4500
001 r017386
005 20221205090508.3
041 0 |a cze 
044 |a CZ 
245 1 0 |a Japonsko - konjunkturní monotematická studie 
520 |a Všeobecná konjunktúra a hospodárska charakteristika Japonska. Vývoj hlavných ukazovateľov japonskej ekonomiky. Energetický priemysel, priemyselná výroba, stavebníctvo, automobilový priemysel, obrábacie strojke, elektronika, chemický priemysel, textilný priemysel, papierenský a drevársky priemysel, poľnohospodárstvo a potravinársky priemysel v Japonsku v r. 1990-1993. 
610 2 0 |a hospodárstvo národné 
610 2 0 |a Japonsko 
610 2 0 |a 1990-1993 
610 2 0 |a produkt domáci hrubý 
610 2 0 |a výroba priemyselná 
610 2 0 |a miera nezamestnanosti 
610 2 0 |a dopyt domáci 
610 2 0 |a investície súkromné 
610 2 0 |a miera inflácie 
610 2 0 |a kurz devízový 
610 2 0 |a jen 
610 2 0 |a bilancia obchodná 
610 2 0 |a suroviny 
610 2 0 |a energetika 
610 2 0 |a priemysel spracovateľský 
610 2 0 |a poľnohospodárstvo 
610 2 0 |a potraviny